[Event "ch-USA w 2023"]
[Site "Saint Louis USA"]
[Date "2023.10.05"]
[Round "1.2"]
[White "Yu, Jennifer"]
[Black "Abrahamyan, Tatev"]
[Result "1/2-1/2"]
[WhiteTitle "FM"]
[BlackTitle "WGM"]
[WhiteElo "2294"]
[BlackElo "2262"]
[WhiteFideId "2078341"]
[BlackFideId "13301918"]
[EventDate "2023.10.05"]

1. d4 Nf6 2. c4 g6 3. Nc3 Bg7 4. e4 d6 5. h3 O-O 6. Be3 e5 7. d5 Na6 8. Bd3 Nc5
9. Bc2 a5 10. Nge2 Nh5 11. g4 Nf4 12. Nxf4 exf4 13. Bxf4 Re8 14. Qd2 Bxc3 15.
Qxc3 Nxe4 16. Bxe4 Rxe4+ 17. Be3 c6 18. dxc6 bxc6 19. O-O-O Ba6 20. b3 Qf8 21.
h4 a4 22. h5 axb3 23. axb3 g5 24. Qf6 Qg7 25. Bxg5 d5 26. f3 Qxf6 27. Bxf6 Rf4
28. g5 Rxf3 29. cxd5 cxd5 30. Rhe1 Rxb3 31. Rxd5 Rc8+ 32. Kd2 Rb5 33. Rd6 Ra5
34. Rb1 Ra2+ 35. Rb2 Rxb2+ 36. Bxb2 Bc4 37. Ke3 Re8+ 38. Kf4 Be2 39. h6 Bh5 40.
Be5 Bg6 41. Rd5 Bh5 42. Rd7 Bg6 43. Bf6 Kf8 44. Bg7+ Kg8 45. Be5 Kf8 46. Bd6+
Kg8 47. Be7 Bh5 48. Ra7 Bg6 49. Ke5 Bh5 50. Kd6 Bg4 51. Ra4 Bf5 52. Rf4 Bc8 53.
Rf2 Bg4 54. Rb2 Bf5 55. Rb7 Bg4 56. Ke5 Bh5 57. Kf6 Bg6 58. Rd7 Bh5 59. Rb7 Bg6
60. Rd7 Bh5 61. Rb7 Bg6 1/2-1/2

[Event "ch-USA w 2023"]
[Site "Saint Louis USA"]
[Date "2023.10.05"]
[Round "1.3"]
[White "Paikidze, Nazi"]
[Black "Eswaran, Ashritha"]
[Result "1-0"]
[WhiteTitle "IM"]
[BlackTitle "FM"]
[WhiteElo "2316"]
[BlackElo "2273"]
[WhiteFideId "13603620"]
[BlackFideId "2080788"]
[EventDate "2023.10.05"]

1. d4 Nf6 2. c4 e6 3. g3 d5 4. Nf3 h6 5. Bg2 Bd6 6. Nc3 Nc6 7. O-O O-O 8. Nb5
dxc4 9. Qc2 a6 10. Nxd6 cxd6 11. Qxc4 Bd7 12. Bd2 Ne7 13. a4 Bc6 14. Qd3 Be4 15.
Qa3 Qd7 16. Bb4 Nf5 17. Rfd1 Rfd8 18. Rac1 Rac8 19. Bc3 b5 20. axb5 Qxb5 21. Bf1
Qd7 22. Nd2 Bb7 23. Ba5 Rxc1 24. Rxc1 Rc8 25. Rxc8+ Qxc8 26. Qc3 Qd7 27. e3 Qa4
28. b3 Qa2 29. Qc7 Bd5 30. g4 Nxg4 31. e4 Nxd4 32. exd5 Nf3+ 33. Kg2 Nxd2 34.
Bd3 f5 35. dxe6 Ne3+ 36. fxe3 Ne4+ 37. Bc2 Kh7 38. e7 Nc5 39. e8=Q Qxc2+ 40. Kh3
Qd3 41. Kh4 Qc2 42. Qxd6 f4 43. Qd2 Qf5 44. exf4 Ne4 45. Qxe4 Qxe4 46. Kg3 Qg6+
47. Kf2 Qh5 48. Ke1 Qf3 49. Bc3 Qh1+ 50. Ke2 Qxh2+ 51. Kd1 Qh1+ 52. Kc2 Qc6 53.
Qd3+ Kh8 54. Kb2 Qe6 55. f5 Qb6 56. Qg3 Qa7 57. f6 gxf6 58. Bxf6+ Kh7 59. Qd3+ 1-0

[Event "ch-USA w 2023"]
[Site "Saint Louis USA"]
[Date "2023.10.05"]
[Round "1.4"]
[White "Zatonskih, Anna"]
[Black "Pourkashiyan, Atousa"]
[Result "1/2-1/2"]
[WhiteTitle "IM"]
[BlackTitle "WGM"]
[WhiteElo "2363"]
[BlackElo "2288"]
[WhiteFideId "14101572"]
[BlackFideId "12502014"]
[EventDate "2023.10.05"]

1. d4 Nf6 2. c4 e6 3. Nc3 Bb4 4. Qc2 O-O 5. a3 Bxc3+ 6. Qxc3 d5 7. Nf3 dxc4 8.
Qxc4 b6 9. Bg5 Ba6 10. Qc2 h6 11. Bh4 Nbd7 12. e4 Bxf1 13. Rxf1 Qc8 14. Qc6 Rb8
15. Ne5 Nxe5 16. dxe5 Qd7 17. Qxd7 Nxd7 18. f4 Nc5 19. O-O-O Rfe8 20. b4 Nxe4
21. Rf3 c5 22. Re3 f5 23. exf6 Nxf6 24. Bxf6 gxf6 25. Rd7 cxb4 26. Rg3+ Kf8 27.
Rgg7 Rec8+ 28. Kb1 bxa3 29. Rdf7+ Ke8 30. Re7+ Kf8 31. Ref7+ Ke8 32. Rxa7 Kf8
33. Raf7+ Ke8 34. Re7+ Kf8 35. Ref7+ Ke8 36. Ra7 Kf8 37. Rg6 Ra8 38. Rxf6+ Kg8
39. Rg6+ Kf8 40. Rf6+ Kg8 41. Rxa8 Rxa8 42. Rxe6 Ra4 43. g3 Rb4+ 44. Ka2 Rb2+
45. Kxa3 Rxh2 46. Rxb6 h5 47. Rg6+ Kf7 48. Rg5 h4 49. g4 Rg2 50. Kb3 h3 51. Rh5
Rxg4 52. Rxh3 Rxf4 53. Kc3 Ke6 54. Rh6+ Kf5 55. Rh8 Ke6 56. Rh6+ Rf6 57. Rxf6+
Kxf6 1/2-1/2

[Event "ch-USA w 2023"]
[Site "Saint Louis USA"]
[Date "2023.10.05"]
[Round "1.5"]
[White "Yan, Ruiyang"]
[Black "Cervantes Landeiro, Thalia"]
[Result "1/2-1/2"]
[WhiteTitle "FM"]
[BlackTitle "FM"]
[WhiteElo "2206"]
[BlackElo "2303"]
[WhiteFideId "30919860"]
[BlackFideId "3520498"]
[EventDate "2023.10.05"]

1. e4 c5 2. Nf3 d6 3. d4 cxd4 4. Nxd4 Nf6 5. Nc3 Bd7 6. Be2 Nc6 7. O-O g6 8. Nb3
Bg7 9. Re1 O-O 10. Bf1 Rc8 11. Nd5 Nxd5 12. exd5 Ne5 13. h3 b5 14. Nd4 Qb6 15.
c3 b4 16. Be3 Qb7 17. cxb4 Nc4 18. Nc6 Bxc6 19. Bxc4 Bb5 20. Bxb5 Qxb5 21. Qd2
Rc4 22. a3 Rfc8 23. Rac1 Be5 24. Rxc4 Rxc4 25. Bxa7 Qa4 26. Rxe5 dxe5 27. Bc5
Qc2 28. Qxc2 Rxc2 29. Bxe7 f5 30. b5 Kf7 31. Bb4 Ke8 32. Bc3 Rc1+ 33. Kh2 Rd1
34. Bxe5 Rxd5 35. Bc3 Rxb5 36. Kg3 Rd5 37. Kf4 Kf7 38. h4 Ke6 39. h5 Rd1 40.
hxg6 hxg6 41. g4 fxg4 42. Kxg4 Rf1 43. f3 g5 44. Kxg5 Rxf3 45. Kg4 Rf1 46. a4
Kd5 47. a5 Kc6 48. Kg3 Kb5 49. Kg2 Rb1 50. Kf3 Rxb2 51. Bxb2 Kxa5 1/2-1/2

[Event "ch-USA w 2023"]
[Site "Saint Louis USA"]
[Date "2023.10.05"]
[Round "1.6"]
[White "Lee, Alice"]
[Black "Tokhirjonova, Gulrukhbegim"]
[Result "1/2-1/2"]
[WhiteTitle "FM"]
[BlackTitle "WGM"]
[WhiteElo "2388"]
[BlackElo "2350"]
[WhiteFideId "30941822"]
[BlackFideId "14203626"]
[EventDate "2023.10.05"]

1. d4 Nf6 2. c4 e6 3. Nf3 d5 4. g3 Be7 5. Bg2 dxc4 6. Qc2 c6 7. Qxc4 b5 8. Qc2
O-O 9. e3 Bb7 10. Ne5 Nbd7 11. Nd3 Qb6 12. O-O Rfc8 13. b4 a5 14. bxa5 Rxa5 15.
Nd2 c5 16. Bxb7 Qxb7 17. Nb3 Raa8 18. Ndxc5 Nxc5 19. dxc5 Ne4 20. c6 Qxc6 21.
Qxc6 Rxc6 22. Nd4 Rc5 23. Bb2 e5 24. Nb3 Rd5 25. f3 Nd2 26. Nxd2 Rxd2 27. Bxe5
f6 28. Bc3 Rc2 29. Bd4 Raxa2 30. Rxa2 Rxa2 31. Rf2 Ra8 32. Rc2 b4 33. Rc7 Kf8
34. Rb7 Ra2 35. h4 Rc2 36. Kf1 Kf7 37. h5 Ke6 38. g4 g6 39. hxg6 hxg6 40. f4 Bd6
41. Rb5 f5 42. gxf5+ gxf5 43. Ke1 Rc8 44. Be5 Bc5 45. Bd4 Bxd4 46. exd4 Rc4 47.
Re5+ Kf6 48. Rd5 b3 49. Rb5 Rxd4 50. Rb6+ Kg7 51. Rxb3 Rxf4 52. Rb6 Kf7 53. Ke2
Ke7 54. Ke3 Rf1 55. Ke2 Rf4 56. Ke3 Rf1 57. Ke2 Rf4 58. Ke3 1/2-1/2

[Event "ch-USA w 2023"]
[Site "Saint Louis USA"]
[Date "2023.10.06"]
[Round "2.1"]
[White "Eswaran, Ashritha"]
[Black "Tokhirjonova, Gulrukhbegim"]
[Result "0-1"]
[WhiteTitle "FM"]
[BlackTitle "WGM"]
[WhiteElo "2273"]
[BlackElo "2350"]
[WhiteFideId "2080788"]
[BlackFideId "14203626"]
[EventDate "2023.10.05"]

1. e4 e5 2. Nf3 Nc6 3. Bb5 a6 4. Bxc6 dxc6 5. Nc3 f6 6. d4 exd4 7. Qxd4 Qxd4 8.
Nxd4 Bd7 9. Bf4 O-O-O 10. O-O-O Ne7 11. h4 Ng6 12. Bg3 Ne5 13. f3 h5 14. Nce2 g6
15. Nf4 Bd6 16. Kb1 Rde8 17. Bh2 Rhg8 18. Kc1 a5 19. Nd3 b6 20. Nxe5 fxe5 21.
Ne2 a4 22. Bg1 Kb7 23. Be3 Be6 24. Nc3 b5 25. a3 Ra8 26. Kd2 b4 27. Nb1 c5 28.
Ke2 Rgb8 29. Kf2 Kc8 30. Bc1 Ra6 31. c3 Bb3 32. Rde1 Bc2 33. Nd2 bxc3 34. bxc3
Bb3 35. c4 Bf8 36. g4 Rd6 37. Re3 Rd4 38. Rc3 Be7 39. Ke3 c6 40. Bb2 hxg4 41.
Nxb3 gxf3 42. Kxf3 axb3 43. Rcc1 Rd2 44. Bxe5 b2 45. Rb1 Rb3+ 46. Kg4 Rg2+ 47.
Kf4 Bxh4 48. Bg7 Kd7 49. Rbd1+ Ke6 50. Bh6 g5+ 0-1

[Event "ch-USA w 2023"]
[Site "Saint Louis USA"]
[Date "2023.10.06"]
[Round "2.2"]
[White "Abrahamyan, Tatev"]
[Black "Lee, Alice"]
[Result "1-0"]
[WhiteTitle "WGM"]
[BlackTitle "FM"]
[WhiteElo "2262"]
[BlackElo "2388"]
[WhiteFideId "13301918"]
[BlackFideId "30941822"]
[EventDate "2023.10.05"]

1. e4 e5 2. Nf3 Nf6 3. Nxe5 d6 4. Nf3 Nxe4 5. Nc3 Nxc3 6. dxc3 Be7 7. Be3 O-O 8.
Qd2 Nd7 9. O-O-O Nf6 10. Bd3 Re8 11. Rhe1 Bg4 12. Kb1 Qd7 13. h3 Bf5 14. Bxf5
Qxf5 15. Nd4 Qa5 16. g4 Ne4 17. Qd3 Bf6 18. Nb3 Qa6 19. Qxa6 bxa6 20. c4 Kf8 21.
c5 Bh4 22. cxd6 cxd6 23. Rf1 h6 24. Nd2 Nxd2+ 25. Rxd2 Re6 26. Rfd1 Ke7 27. Rd5
Rc8 28. Bxa7 Bg5 29. Bd4 Rc4 30. b3 Rc6 31. c4 f6 32. Bc3 Bh4 33. R1d2 Re1+ 34.
Kb2 Bg5 35. Rc2 Rh1 36. Rd3 Bf4 37. Bd2 Be5+ 38. Bc3 Bf4 39. Re2+ Kf7 40. Rf3 g5
41. Re4 Rc5 42. b4 f5 43. Rexf4 1-0

[Event "ch-USA w 2023"]
[Site "Saint Louis USA"]
[Date "2023.10.06"]
[Round "2.3"]
[White "Yip, Carissa"]
[Black "Yu, Jennifer"]
[Result "1-0"]
[WhiteTitle "IM"]
[BlackTitle "FM"]
[WhiteElo "2372"]
[BlackElo "2294"]
[WhiteFideId "2090732"]
[BlackFideId "2078341"]
[EventDate "2023.10.05"]

1. e4 c6 2. d4 d5 3. e5 Bf5 4. Nf3 e6 5. Be2 Ne7 6. O-O h6 7. Nbd2 Nd7 8. Nb3 g5
9. Ne1 Bg7 10. f4 gxf4 11. Nd3 Ng6 12. Nxf4 Nxf4 13. Bxf4 Qe7 14. Qd2 Nf8 15. c4
dxc4 16. Na5 O-O-O 17. Nxc4 Kb8 18. Nd6 Ng6 19. Bg3 Ka8 20. Bd3 Rxd6 21. exd6
Bxd4+ 22. Kh1 Qf6 23. Bxf5 exf5 24. Rad1 c5 25. Bf2 Qxd6 26. Bxd4 cxd4 27. Qxd4
Qxd4 28. Rxd4 f4 29. Rfd1 Kb8 30. Rd8+ Rxd8 31. Rxd8+ Kc7 32. Rd5 Ne7 33. Rh5
Kd6 34. Rxh6+ Ke5 35. Rh5+ Nf5 36. Kg1 Ke4 37. Rh3 Nd6 38. Rc3 a5 39. a4 Kd4 40.
Rc7 Kd5 41. Kf2 b6 42. Kf3 Nc4 43. Rxc4 1-0

[Event "ch-USA w 2023"]
[Site "Saint Louis USA"]
[Date "2023.10.06"]
[Round "2.4"]
[White "Pourkashiyan, Atousa"]
[Black "Yan, Ruiyang"]
[Result "1/2-1/2"]
[WhiteTitle "WGM"]
[BlackTitle "FM"]
[WhiteElo "2288"]
[BlackElo "2206"]
[WhiteFideId "12502014"]
[BlackFideId "30919860"]
[EventDate "2023.10.05"]

1. e4 c5 2. Nf3 d6 3. d4 cxd4 4. Nxd4 Nf6 5. Nc3 a6 6. Be3 e5 7. Nf3 Be7 8. h3
Nc6 9. Bc4 O-O 10. Nd5 Nxe4 11. Bb6 Qd7 12. Qe2 Nf6 13. O-O-O Nxd5 14. Bxd5 Qe8
15. Kb1 Be6 16. h4 Bxd5 17. Rxd5 Nb4 18. Rd2 Qb5 19. Qxb5 axb5 20. a3 Na6 21. c3
f6 22. Rd5 Nc5 23. Bxc5 dxc5 24. Rd7 Kf7 25. Rxb7 Rab8 26. Rxb8 Rxb8 27. Rd1 Ke6
28. Kc2 c4 29. Nd2 Kd5 30. f3 f5 31. Ne4+ Ke6 32. Ng5+ Bxg5 33. hxg5 Ra8 34. Rh1
Kf7 35. Rd1 Ke6 36. Rh1 Kf7 37. Rd1 Ke6 38. Rh1 Kf7 39. Rd1 Ke6 1/2-1/2

[Event "ch-USA w 2023"]
[Site "Saint Louis USA"]
[Date "2023.10.06"]
[Round "2.6"]
[White "Paikidze, Nazi"]
[Black "Zatonskih, Anna"]
[Result "1/2-1/2"]
[WhiteTitle "IM"]
[BlackTitle "IM"]
[WhiteElo "2316"]
[BlackElo "2363"]
[WhiteFideId "13603620"]
[BlackFideId "14101572"]
[EventDate "2023.10.05"]

1. d4 Nf6 2. c4 e6 3. g3 d5 4. Nf3 Be7 5. Bg2 O-O 6. Qc2 c5 7. O-O cxd4 8. Nxd4
Qb6 9. Rd1 Bc5 10. e3 Na6 11. Nc3 Bd7 12. Nf3 Rfd8 13. a3 dxc4 14. e4 Ng4 15.
Rf1 Bd6 16. Bf4 Bxf4 17. gxf4 Nc5 18. h3 Nf6 19. Ne5 Nb3 20. Rad1 Rac8 21. Qe2
Qc5 22. Kh2 b5 23. Rg1 Be8 24. Qf3 Rxd1 25. Rxd1 Qc7 26. Ng4 Nxg4+ 27. Qxg4 Nc5
28. e5 Rd8 29. Be4 Rxd1 30. Qxd1 g6 31. Qd4 Kg7 32. Bg2 a5 33. Nd1 Qd7 34. Qxc5
Qxd1 35. Qc8 Qd7 36. Qa8 a4 37. Qb8 Kf8 38. Qb6 Kg7 39. Qe3 Qc7 40. Qd4 Bd7 41.
Be4 Kf8 42. Kg3 Ke8 43. h4 h5 44. Bf3 Ke7 45. Be4 Ke8 46. Bf3 Kd8 47. Be4 Kc8
48. Qd2 Bc6 49. Bxc6 Qxc6 50. Qb4 Kb7 51. Qe7+ Qc7 52. Qe8 Kb6 53. f3 Qb7 54.
Qd8+ Ka6 55. Qe8 Ka7 56. Qd8 Ka6 57. Qe8 Qc7 58. Qa8+ Qa7 59. Qc8+ Qb7 60. Qe8
Kb6 61. Qd8+ Qc7 62. Qe8 Kc5 63. Qf8+ Kc6 64. Qa8+ Qb7 65. Qe8+ Qd7 66. Qa8+ Kc5
67. Qf8+ Kc6 68. Qa8+ Kc7 69. Qf8 Kb7 70. Qc5 Ka6 71. Qf8 Ka7 72. Qc5+ Kb7 73.
Qf8 Kc6 74. Qa8+ Kc5 75. Qf8+ Kd5 76. Qb8 Kc6 77. Qa8+ Kc7 78. Qf8 Kb6 79. Qb8+
Qb7 80. Qd8+ Qc7 81. Qe8 Ka6 82. Qa8+ Kb6 83. Qe8 Ka6 84. Qa8+ 1/2-1/2

[Event "ch-USA w 2023"]
[Site "Saint Louis USA"]
[Date "2023.10.07"]
[Round "3.1"]
[White "Yan, Ruiyang"]
[Black "Paikidze, Nazi"]
[Result "1/2-1/2"]
[WhiteTitle "FM"]
[BlackTitle "IM"]
[WhiteElo "2206"]
[BlackElo "2316"]
[WhiteFideId "30919860"]
[BlackFideId "13603620"]
[EventDate "2023.10.05"]

1. e4 c6 2. Nf3 d5 3. Nc3 dxe4 4. Nxe4 Nf6 5. Qe2 Nxe4 6. Qxe4 Qa5 7. Bc4 Bf5 8.
Qe2 e6 9. O-O Be7 10. d4 Qc7 11. Ne5 Nd7 12. Bf4 Nxe5 13. Bxe5 Bd6 14. Bxd6 Qxd6
15. c3 h6 16. Rad1 O-O 17. Bd3 Bxd3 18. Rxd3 Rad8 19. Rg3 Qf4 20. Qe3 Qxe3 21.
Rxe3 Rd5 22. Rfe1 Rfd8 23. Re5 Kf8 24. f4 b6 25. Kf2 Ke7 26. Rxd5 Rxd5 27. Re5
g6 28. Rxd5 exd5 29. Kf3 f5 30. g3 Kf6 31. Ke3 Ke6 32. Kf3 Kf6 33. Ke3 Ke6 34.
Kf3 1/2-1/2

[Event "ch-USA w 2023"]
[Site "Saint Louis USA"]
[Date "2023.10.07"]
[Round "3.2"]
[White "Zatonskih, Anna"]
[Black "Eswaran, Ashritha"]
[Result "1-0"]
[WhiteTitle "IM"]
[BlackTitle "FM"]
[WhiteElo "2363"]
[BlackElo "2273"]
[WhiteFideId "14101572"]
[BlackFideId "2080788"]
[EventDate "2023.10.05"]

1. d4 Nf6 2. c4 g6 3. Nc3 Bg7 4. Nf3 O-O 5. e4 d6 6. Be2 e5 7. dxe5 dxe5 8. Qxd8
Rxd8 9. Bg5 Be6 10. Nxe5 h6 11. Bf4 Nh5 12. Bxh5 gxh5 13. O-O Nd7 14. Nxd7 Rxd7
15. Nd5 c6 16. Nc7 Rad8 17. Nxe6 fxe6 18. Rab1 Rd4 19. b3 Rxe4 20. Be3 Bd4 21.
Rbd1 Kf7 22. Rd3 Ke7 23. Rfd1 c5 24. Bxh6 Rg8 25. Be3 Reg4 26. g3 e5 27. Kg2 e4
28. Bxd4 exd3 29. Bxc5+ Ke6 30. Rxd3 a6 31. Rd6+ Kf5 32. Rd5+ Kg6 33. Be3 Re8
34. Kf3 Rf8+ 35. Bf4 Re8 36. h3 Rxf4+ 37. Kxf4 Re2 38. Rd6+ Kf7 39. Kf3 Rxa2 40.
Rb6 Rb2 41. Rxb7+ Ke6 42. Rb6+ Ke5 43. Rxa6 Rxb3+ 44. Kg2 Rc3 45. Ra5+ Kf6 46.
Rxh5 Rxc4 47. Ra5 Kg6 48. g4 Rc3 49. f3 Rc2+ 50. Kg3 Rc3 51. Ra6+ Kg7 52. h4 Rb3
53. h5 Rb5 54. f4 Rb7 55. g5 Rc7 56. Kg4 Rb7 57. h6+ Kh7 58. Kh5 Rb5 59. Ra7+
Kh8 60. Kg4 Rb6 61. f5 Rb5 62. g6 Rb8 63. Re7 Ra8 64. f6 Rb8 65. Rh7+ Kg8 66.
f7+ 1-0

[Event "ch-USA w 2023"]
[Site "Saint Louis USA"]
[Date "2023.10.07"]
[Round "3.3"]
[White "Tokhirjonova, Gulrukhbegim"]
[Black "Abrahamyan, Tatev"]
[Result "1-0"]
[WhiteTitle "WGM"]
[BlackTitle "WGM"]
[WhiteElo "2350"]
[BlackElo "2262"]
[WhiteFideId "14203626"]
[BlackFideId "13301918"]
[EventDate "2023.10.05"]

1. d4 Nf6 2. c4 e6 3. g3 d5 4. Nf3 dxc4 5. Bg2 Nc6 6. O-O Rb8 7. a4 a6 8. a5 b5
9. axb6 cxb6 10. Bf4 Bd6 11. Ne5 Ne7 12. Bc6+ Nxc6 13. Nxc6 Qc7 14. Bxd6 Qxd6
15. Nxb8 Qxb8 16. Qa4+ b5 17. Qb4 Bb7 18. Nd2 h5 19. e4 h4 20. Rfe1 hxg3 21.
hxg3 Ng4 22. Nf1 f5 23. f3 Nh2 24. Kg2 Nxf1 25. Rxf1 fxe4 26. Rh1 exf3+ 27. Kf2
Rxh1 28. Rxh1 Kf7 29. Rh4 Qd8 30. Qc5 Bd5 31. Qa7+ Kg8 32. Rf4 Qe8 33. Rg4 Qf8
34. Qd7 Qf7 35. Qd8+ Qf8 36. Qg5 a5 37. Rh4 Qf6 38. Qh5 g5 39. Qe8+ Kg7 40. Qh8+ 1-0

[Event "ch-USA w 2023"]
[Site "Saint Louis USA"]
[Date "2023.10.07"]
[Round "3.4"]
[White "Yu, Jennifer"]
[Black "Cervantes Landeiro, Thalia"]
[Result "1/2-1/2"]
[WhiteTitle "FM"]
[BlackTitle "FM"]
[WhiteElo "2294"]
[BlackElo "2303"]
[WhiteFideId "2078341"]
[BlackFideId "3520498"]
[EventDate "2023.10.05"]

1. Nf3 Nf6 2. g3 g6 3. d4 d5 4. Bg2 Bg7 5. O-O O-O 6. c4 dxc4 7. Na3 a5 8. Nxc4
a4 9. Re1 Be6 10. Nfe5 c6 11. e4 Ng4 12. Nxg4 Bxc4 13. Bh6 Qxd4 14. Qxd4 Bxd4
15. Bxf8 Kxf8 16. Ne3 Be6 17. Bf1 b5 18. Rad1 Bxb2 19. Rd8+ Kg7 20. Nd5 cxd5 21.
exd5 Bc3 22. Rb1 Ba5 23. Re8 Bd7 24. Rxe7 b4 25. Bc4 Bf5 26. Rc1 Nd7 27. d6 Rc8
28. Rxf7+ Kh6 29. g4 Be6 30. Bxe6 Rxc1+ 31. Kg2 Nc5 32. Bd5 Rd1 33. f4 Bd8 34.
g5+ Bxg5 35. fxg5+ Kxg5 36. Bc4 Rxd6 37. Rxh7 Rd4 38. Bg8 Ne4 39. Ra7 Nc3 40.
Ra6 Rd2+ 41. Kg3 Rd3+ 42. Kg2 Kf5 43. h3 Rd8 44. Bc4 Rd4 45. Bg8 g5 46. Kf3 Rd3+
47. Kg2 Rd8 48. Bf7 Kf4 49. Rf6+ Ke3 50. Re6+ Kd4 51. Rg6 Rf8 52. Bg8 Ne4 53.
Rg7 Nf6 54. Bf7 Ne8 55. Rh7 Nd6 56. Be6 Ke5 57. Bg4 b3 58. axb3 axb3 59. Re7+
Kd4 60. Rd7 Rf6 61. Bd1 b2 62. Bc2 Kc3 63. Bb1 Nb5 64. Rd5 Na3 65. Ba2 Rg6 66.
Rc5+ Kd4 67. Ra5 b1=Q 68. Bxb1 Nxb1 69. Kg3 Nc3 70. Kg4 Nd5 71. Kf5 Rg8 72. Ra4+
Kc5 73. Ra5+ Kd6 74. Ra6+ Kd7 75. Ra3 Nc7 76. Re3 Kd6 77. Rd3+ Nd5 78. Ra3 Ne7+
79. Kg4 Nc6 80. Re3 Kd5 81. Kf5 Nd4+ 82. Kf6 Kd6 83. Rd3 Kc5 84. Re3 Kc4 85. Kf7
Ra8 86. Kf6 Rg8 87. Kf7 Rd8 88. Kf6 Rd5 89. Rg3 Rf5+ 90. Kg6 Rf3 91. Rxg5 Rxh3
92. Kf6 Kd3 93. Rg4 Rf3+ 94. Ke5 Rf5+ 95. Kd6 Kc4 96. Rg1 Rf6+ 97. Ke7 Ra6 98.
Rg5 Nf3 99. Rf5 Nd4 100. Rf6 Ra7+ 101. Kd6 Ra5 102. Ke7 Kd5 103. Rf1 Ra6 104.
Rd1 Ke5 105. Re1+ Kf5 106. Rf1+ Ke5 107. Re1+ Kd5 108. Rd1 Rb6 109. Re1 Nf5+
110. Kf7 Nh6+ 111. Kg7 Ng4 112. Rd1+ Ke4 113. Kf7 Nh6+ 114. Ke7 Nf5+ 115. Kd7
Ke5 116. Re1+ Kd5 117. Rd1+ Nd4 118. Ke7 Ra6 119. Re1 Nf3 120. Re2 Ng5 121. Rd2+
Ke5 122. Rd1 Ra7+ 123. Rd7 Ra6 124. Rb7 Ra5 125. Rd7 Ne4 126. Rd1 Ra7+ 127. Rd7
Ra6 128. Rd1 Rh6 129. Kd7 Rh7+ 130. Kc6 Rh6+ 131. Kd7 Rh7+ 132. Kc6 Rh6+ 133.
Kd7 1/2-1/2

[Event "ch-USA w 2023"]
[Site "Saint Louis USA"]
[Date "2023.10.07"]
[Round "3.5"]
[White "Lee, Alice"]
[Black "Yip, Carissa"]
[Result "0-1"]
[WhiteTitle "FM"]
[BlackTitle "IM"]
[WhiteElo "2388"]
[BlackElo "2372"]
[WhiteFideId "30941822"]
[BlackFideId "2090732"]
[EventDate "2023.10.05"]

1. d4 Nf6 2. c4 g6 3. Nc3 Bg7 4. e4 d6 5. Nf3 O-O 6. Be2 e5 7. O-O h6 8. d5 a5
9. Ne1 Na6 10. b3 Nc5 11. Qc2 b6 12. Bd2 Nfd7 13. Bg4 f5 14. exf5 Nf6 15. Bh3
gxf5 16. Qc1 Rf7 17. f3 Nh7 18. Bxh6 f4 19. Bxc8 Qxc8 20. Bxg7 Rxg7 21. Qc2 Qh3
22. Kh1 Qh5 23. Nd3 Nxd3 24. Qxd3 Ng5 25. Ne4 Nh7 26. a3 Rg6 27. Ra2 Kh8 28. Kg1
Rag8 29. g4 fxg3 30. hxg3 Rh6 31. Rg2 Rf8 32. Kf2 Nf6 33. Nxf6 Rhxf6 34. g4 Qh3
35. Rg3 Qh2+ 36. Ke3 Kg7 37. g5 Rf4 38. Rfg1 Rxf3+ 39. Rxf3 Qxg1+ 40. Kd2 Qg2+
41. Qe2 Qxf3 0-1

[Event "ch-USA w 2023"]
[Site "Saint Louis USA"]
[Date "2023.10.08"]
[Round "4.1"]
[White "Zatonskih, Anna"]
[Black "Yan, Ruiyang"]
[Result "1/2-1/2"]
[WhiteTitle "IM"]
[BlackTitle "FM"]
[WhiteElo "2363"]
[BlackElo "2206"]
[WhiteFideId "14101572"]
[BlackFideId "30919860"]
[EventDate "2023.10.05"]

1. d4 Nf6 2. c4 e6 3. Nc3 Bb4 4. Qc2 d5 5. a3 Bxc3+ 6. Qxc3 O-O 7. Nf3 dxc4 8.
Qxc4 b6 9. Bg5 Ba6 10. Qc2 c5 11. dxc5 bxc5 12. Nd2 Nbd7 13. e3 Bxf1 14. Nxf1
Qa5+ 15. Nd2 Qb5 16. Bxf6 Nxf6 17. Nc4 Rab8 18. O-O Rfd8 19. Rfc1 h6 20. Rab1
Qb3 21. Qxb3 Rxb3 22. Kf1 Rdb8 23. Rc2 Nd5 24. Rd1 Nb6 25. Nd2 Rb5 26. b3 Ra5
27. Ra1 Kf8 28. Ke2 Nd5 29. Rcc1 Rab5 30. Kd1 Ke7 31. Rc4 Nb6 32. Rc2 Nd7 33.
Rac1 Ra5 34. a4 Ra6 35. Rc3 Rab6 36. Kc2 Rb4 37. Rd1 Rc8 38. f3 Nb6 39. e4 c4
40. Nxc4 Nxc4 41. Rxc4 Rbxc4+ 42. bxc4 Rxc4+ 43. Kb3 Rc7 44. Rd4 Rb7+ 45. Rb4
Rxb4+ 46. Kxb4 Kd6 47. Kb5 Kc7 48. Ka6 Kb8 49. f4 h5 50. g3 g6 51. e5 Ka8 52.
Ka5 Kb8 53. Ka6 Ka8 54. Ka5 Kb8 55. Ka6 Ka8 56. Ka5 Kb8 1/2-1/2

[Event "ch-USA w 2023"]
[Site "Saint Louis USA"]
[Date "2023.10.08"]
[Round "4.2"]
[White "Pourkashiyan, Atousa"]
[Black "Yu, Jennifer"]
[Result "1-0"]
[WhiteTitle "WGM"]
[BlackTitle "FM"]
[WhiteElo "2288"]
[BlackElo "2294"]
[WhiteFideId "12502014"]
[BlackFideId "2078341"]
[EventDate "2023.10.05"]

1. e4 e5 2. Nf3 Nc6 3. Bb5 a6 4. Ba4 Nf6 5. O-O b5 6. Bb3 Bb7 7. d3 Be7 8. c4
O-O 9. Nc3 bxc4 10. Bxc4 d6 11. a3 Nd4 12. Nxd4 exd4 13. Nd5 Nxd5 14. exd5 a5
15. Qa4 Bf6 16. Re1 Ra7 17. Qd1 a4 18. b4 axb3 19. Qxb3 Qa8 20. Bd2 c6 21. Bb4
c5 22. Bd2 Ba6 23. a4 Rb8 24. Qc2 Rab7 25. Bxa6 Qxa6 26. a5 h6 27. Reb1 Bd8 28.
Rxb7 Rxb7 29. Qc4 Qa8 30. h3 Rb2 31. Qc1 Rb3 32. a6 Qxd5 33. a7 Qa8 34. Qc4 Rb2
35. Bf4 Bc7 36. Qa4 Kh7 37. Qd7 Rb7 38. Bxd6 Ba5 39. Qxb7 Qxb7 40. Rxa5 Qa8 41.
Bxc5 Kg6 42. Bxd4 f6 43. Be3 Kf7 44. Rb5 1-0

[Event "ch-USA w 2023"]
[Site "Saint Louis USA"]
[Date "2023.10.08"]
[Round "4.4"]
[White "Eswaran, Ashritha"]
[Black "Abrahamyan, Tatev"]
[Result "0-1"]
[WhiteTitle "FM"]
[BlackTitle "WGM"]
[WhiteElo "2273"]
[BlackElo "2262"]
[WhiteFideId "2080788"]
[BlackFideId "13301918"]
[EventDate "2023.10.05"]

1. e4 e6 2. d4 d5 3. e5 c5 4. c3 Nc6 5. Nf3 Bd7 6. Be2 f6 7. O-O fxe5 8. Nxe5
Nxe5 9. dxe5 Qc7 10. Bf4 O-O-O 11. a4 h6 12. Na3 g5 13. Bg3 c4 14. b3 cxb3 15.
Qxb3 h5 16. h3 Bc5 17. c4 d4 18. Nb5 Bxb5 19. cxb5 Qe7 20. Rfc1 Kb8 21. a5 Nh6
22. a6 Nf5 23. Bh2 g4 24. Qd3 Rhg8 25. hxg4 hxg4 26. Qe4 d3 27. Rxc5 Rd4 28.
Qxb7+ Qxb7 29. axb7 dxe2 30. Rcc1 Rgd8 31. Re1 Rd1 32. f3 Rxa1 33. Rxa1 Rd1+ 0-1

[Event "ch-USA w 2023"]
[Site "Saint Louis USA"]
[Date "2023.10.08"]
[Round "4.5"]
[White "Yip, Carissa"]
[Black "Tokhirjonova, Gulrukhbegim"]
[Result "1/2-1/2"]
[WhiteTitle "IM"]
[BlackTitle "WGM"]
[WhiteElo "2372"]
[BlackElo "2350"]
[WhiteFideId "2090732"]
[BlackFideId "14203626"]
[EventDate "2023.10.05"]

1. e4 e5 2. Nf3 Nc6 3. d4 exd4 4. Nxd4 Nf6 5. Nxc6 bxc6 6. e5 Qe7 7. Qe2 Nd5 8.
h4 a5 9. c4 Nb6 10. Nc3 Ba6 11. b3 O-O-O 12. Rh3 f6 13. exf6 Qf7 14. Bb2 Re8 15.
Re3 Bc5 16. Re4 Rxe4 17. Nxe4 Bb4+ 18. Kd1 gxf6 19. Qf3 Rf8 20. Kc2 d5 21. cxd5
Bxf1 22. Rxf1 cxd5 23. Qf5+ Kb7 24. Ng3 Qe7 25. Qd3 f5 26. f4 Rg8 27. Kb1 Qxh4
28. Nxf5 Qh2 29. g3 a4 30. a3 Bf8 31. bxa4 Qg2 32. Rd1 Nxa4 33. Qxd5+ Qxd5 34.
Rxd5 Bxa3 35. Ba1 Nb6 36. Rd2 Bb4 37. Rh2 Be1 38. Rh3 Nc4 39. Ng7 Ne3 40. Bd4 h6
41. f5 c5 42. Bxe3 Rxg7 43. Bf4 Rh7 44. Kc2 c4 45. Kd1 Bf2 46. Rh2 Bd4 47. Rxh6
Rxh6 48. Bxh6 Kc6 49. g4 Kd5 50. Kc2 Ke4 51. Bd2 Kf3 52. Bc3 Kxg4 53. Bxd4 Kxf5
54. Kc3 Ke4 55. Kxc4 1/2-1/2